Statistiche per Comuni della Provincia di Cremona

Clicka qui per fare il quiz!

Statistiche generali

  • Questo quiz è stato fatto 21 volte
    (13 dall'ultimo reset)
  • Il punteggio medio è 40 su 113

Statistiche sulle risposte

Comune% Corretto
Crema
85%
Cremona
85%
Pizzighettone
77%
Soresina
77%
Pandino
69%
Acquanegra Cremonese
62%
Annicco
62%
Castelleone
62%
Castelverde
62%
Rivolta d'Adda
62%
San Daniele Po
62%
Sesto ed Uniti
62%
Agnadello
54%
Casalbuttano ed Uniti
54%
Casalmaggiore
54%
Offanengo
54%
Olmeneta
54%
Ostiano
54%
Robecco d'Oglio
54%
San Bassano
54%
Soncino
54%
Vailate
54%
Bonemerse
46%
Casalmorano
46%
Cingia de' Botti
46%
Corte de' Frati
46%
Formigara
46%
Isola Dovarese
46%
Spinadesco
46%
Spino d'Adda
46%
Vescovato
46%
Capralba
38%
Castel Gabbiano
38%
Cella Dati
38%
Chieve
38%
Cicognolo
38%
Crotta d'Adda
38%
Dovera
38%
Grontardo
38%
Madignano
38%
Malagnino
38%
Montodine
38%
Motta Baluffi
38%
Paderno Ponchielli
38%
Persico Dosimo
38%
Piadena Drizzona
38%
Ripalta Cremasca
38%
San Giovanni in Croce
38%
Sospiro
38%
Trescore Cremasco
38%
Trigolo
38%
Azzanello
31%
Bagnolo Cremasco
31%
Bordolano
31%
Cappella Cantone
31%
Casale Cremasco-Vidolasco
31%
Castelvisconti
31%
Fiesco
31%
Gadesco-Pieve Delmona
31%
Gombito
31%
Izano
31%
Pozzaglio ed Uniti
31%
Ricengo
31%
Ripalta Arpina
31%
Ripalta Guerina
31%
Salvirola
31%
Scandolara Ripa d'Oglio
31%
Sergnano
31%
Stagno Lombardo
31%
Ticengo
31%
Torre de' Picenardi
31%
Vaiano Cremasco
31%
Calvatone
23%
Campagnola Cremasca
23%
Capergnanica
23%
Cappella de' Picenardi
23%
Casaletto Ceredano
23%
Casaletto di Sopra
23%
Casaletto Vaprio
23%
Casteldidone
23%
Cumignano sul Naviglio
23%
Genivolta
23%
Grumello Cremonese ed Uniti
23%
Martignana di Po
23%
Monte Cremasco
23%
Pescarolo ed Uniti
23%
Pianengo
23%
Pieve d'Olmi
23%
Pieve San Giacomo
23%
Rivarolo del Re ed Uniti
23%
Romanengo
23%
San Martino del Lago
23%
Scandolara Ravara
23%
Spineda
23%
Camisano
15%
Corte de' Cortesi con Cignone
15%
Credera Rubbiano
15%
Cremosano
15%
Derovere
15%
Gabbioneta-Binanuova
15%
Gerre de' Caprioli
15%
Gussola
15%
Moscazzano
15%
Palazzo Pignano
15%
Pessina Cremonese
15%
Pieranica
15%
Quintano
15%
Solarolo Rainerio
15%
Torlino Vimercati
15%
Tornata
15%
Torricella del Pizzo
15%
Volongo
15%
Voltido
8%

Distribuzione punteggi

Percentile per numero di risposta

Percentuale di utenti per punteggio

I tuoi punteggi nel tempo

Non hai fatto questo quiz dall'ultimo reset